Energetické zdroje vo svetovej ekonomike

Analýza postavenia klasických fosílnych palív vo svetovej ekonomike z pohľadu ich rezerv, ťažby a spotreby. Ropa ako najpoužívanejší zdroj na výrobu energie a ďalších produktov.

Salvato in:
Dettagli Bibliografici
Autore principale: Grešš, Martin, 1978-
Natura: Capitolo di libro
Lingua:slovacco
Soggetti:
Tags: Aggiungi Tag
Nessun Tag, puoi essere il primo ad aggiungerne!!

MARC

LEADER 00000naa$a2200000$$$4500
001 0053839
005 20240502071625.5
041 0 |a slo 
044 |a SK 
245 1 0 |a Energetické zdroje vo svetovej ekonomike  |c Martin Grešš 
520 |a Analýza postavenia klasických fosílnych palív vo svetovej ekonomike z pohľadu ich rezerv, ťažby a spotreby. Ropa ako najpoužívanejší zdroj na výrobu energie a ďalších produktov. 
610 2 0 |a zdroje energetické 
610 2 0 |a hospodárstvo svetové 
610 2 0 |a palivá 
610 2 0 |a ropa 
610 2 0 |a uhlie 
610 2 0 |a urán 
610 2 0 |a spotreba energie 
100 1 |a Grešš, Martin, 1978-